000 00420nam a2200169Ia 4500
008 151213s9999 xx 000 0 und d
020 _a812192463 - 4
100 _aK.K.Dewett
245 _aModern Economic Theory
_cK.K.Dewett
250 _a1 st
260 _aNew Delhi
_bShyam Lal Charitable Trust
_c2005
300 _a4004 p.
650 _aEconomics
650 _aEconomics
700 _aK.K.Dewett
999 _c2547
_d2547